Diccionario para ociosos / Joan Fuster ; traducción de Isabel Mirete ; edición y prólogo de Josep M. Castellet
Descripción Física:
328 p. ; 22 cm
Colección:
Marca hispánica ; 7
MARC
| LEADER | 00000nam a2200000Ia 4500 | ||
|---|---|---|---|
| 001 | 2148 | ||
| 008 | 160829s1986 xx 000 0 cat d | ||
| 080 | |a L-1-80 | ||
| 100 | 1 | |a Fuster, Joan |9 36583 | |
| 245 | |a Diccionario para ociosos / Joan Fuster ; traducción de Isabel Mirete ; edición y prólogo de Josep M. Castellet | ||
| 260 | |a Barcelona : |b Edicions del Mall, |c 1986 | ||
| 300 | |a 328 p. ; |c 22 cm | ||
| 490 | |a Marca hispánica ; 7 | ||
| 590 | |a Edició bilingüe, català-castellà. Títol original: 'Diccionari per a ociosos'. | ||
| 700 | |a Mirete, Isabel, tr. |9 22491 | ||
| 700 | |a Castellet, J. M. |q (Josep Maria), |d 1926-2014 |e editor i autor del pròleg |9 29842 | ||
| 901 | |a Arxiu | ||
| 942 | |n 1 |2 udc | ||
| 952 | |0 0 |1 0 |4 0 |6 L180 |7 1 |9 42238 |a Arxiu |b Arxiu |d 2016-12-01 |l 0 |o L-1-80 |p 2148 |r 2016-12-01 00:00:00 |w 2016-12-01 |y ARXIU | ||
| 999 | |c 44685 |d 44685 | ||